Development of spectrophotometric method for determination of mesalazine in pharmaceutical preparation /

שמור ב:
מידע ביבליוגרפי
מחבר ראשי: Nguyen Trung Dung.
מחברים אחרים: Dong Thi Oanh., Nguyen Hoang Dung., Nguyen Thi Lan Anh.
פורמט: Bài viết
שפה:Vietnamese
נושאים:
תגים: הוספת תג
אין תגיות, היה/י הראשונ/ה לתייג את הרשומה!
Thư viện lưu trữ: Thư viện Trường Đại học Đà Lạt
LEADER 00966nam a2200325 4500
001 DLU180185280
005 ##20180529
040 # # |a DLU  |b vie 
041 # # |a vie 
044 # # |a vn 
100 # # |a Nguyen Trung Dung. 
245 # # |a Development of spectrophotometric method for determination of mesalazine in pharmaceutical preparation /  |c Nguyen Trung Dung, ...[et al.]. 
653 # # |a Bratton-Marshall reagent 
653 # # |a Mesalazine 
653 # # |a NEDA 
653 # # |a Pharmaceutical Preparation 
653 # # |a Spectrophotometry 
700 # # |a Dong Thi Oanh. 
700 # # |a Nguyen Hoang Dung. 
700 # # |a Nguyen Thi Lan Anh. 
773 # # |t Hóa học  |g Số 4, 2016, tr. 509-514 
920 # # |a Phòng Tạp chí -- Trung tâm Thông tin - Thư viện Trường Đại học Đà Lạt 
994 # # |a DLU 
900 # # |a True 
911 # # |a Hoàng Thị Huyền 
925 # # |a G 
926 # # |a A 
927 # # |a BB 
980 # # |a Thư viện Trường Đại học Đà Lạt